000 00258nam a22001097a 4500
082 _a808.3 STO'B
100 _aBARROWS, MARJORIS
_957926
245 _aSTORIES OF TODAY THE CHILDREN'S HOUR
260 _aCHICAGO
_bSPENCER
_c1953
300 _a369P
942 _cBK
999 _c568166
_d568166